Csillagszemű juhászok
Elmentve itt :
| Dokumentumtípus: | Cikk |
|---|---|
| Megjelent: |
2003-04-23
|
| Sorozat: | Délmagyarország
93 No. 94 |
| Kulcsszavak: | Juhász Gyula-napok a főiskolán |
| Online Access: | http://dmarchiv.bibl.u-szeged.hu/124901 |
| LEADER | 00412nab a2200145 i 4500 | ||
|---|---|---|---|
| 001 | delm124901 | ||
| 005 | 20191127102843.0 | ||
| 008 | 191127s2003 hu o 0|| hun d | ||
| 040 | |a SZTE Délmagyarország Archívum |b hun | ||
| 041 | |a hun | ||
| 245 | 0 | 0 | |a Csillagszemű juhászok |h [elektronikus dokumentum] |
| 260 | |c 2003-04-23 | ||
| 300 | |a 4 | ||
| 490 | 0 | |a Délmagyarország |v 93 No. 94 | |
| 695 | |a Juhász Gyula-napok a főiskolán | ||